000
00175nam a22000857a 4500
082
_a
823
100
_a
ARUNKUMAR
245
_a
SELECTED STORIES FROM THE ARABIAN NIGHTS
942
_c
BK
999
_c
8512
_d
8512